000 00227nam a2200097Ia 4500
008 220204s9999 xx 000 0 und d
082 _a82-3
_bMAN
100 _aManoj Das
245 0 _aFables and fantasies fod adults
942 _cBK
999 _c35012
_d35012